000 00274nam a2200109Ia 4500
005 20251222143210.0
008 251222s9999||||xx |||||||||||||| ||spa||
082 _a372.7/C46
245 0 _aGuía Metodológica para el Docente:
264 _bFondo Editorial UCSS
942 _cLIB
999 _c13401
_d13401